| 000 | 00512pam a2200169 a 4500 | ||
|---|---|---|---|
| 020 |
_a9780443070785 _c |
||
| 041 | _aeng | ||
| 082 |
_a576 _bGRE |
||
| 100 | _aGreenwood, D. | ||
| 245 |
_aMedical Microbiology : A Guide to Microbial Infections : Pathogenesis, Immunity, Laboratory Diagnosis and Control _hTextual Documents |
||
| 250 | _a16th ed. | ||
| 260 |
_aLondon _bChurchill Livingstone Books _c2002 |
||
| 300 | _a709. | ||
| 653 | _aMicrobiology | ||
| 700 |
_aSlack, R C B. _aPeutherer, J F. |
||
| 930 | _a2678 | ||
| 999 |
_c75959 _d75959 |
||